000 01764nam2a2200385 4500
001 RU\NLR\bibl\362694
005 20250621161058.0
010 _a5-8173-0029-X
_9600
021 _aRU
_b2002-56826
_92760
035 _a(NLR Aleph) 000357291
090 _a313418
_c313418
100 _a20030128d2002 |||y0rusy50 ca
101 0 _arus
102 _aRU
105 _ay |||||||||
200 0 _aЧ. 4
210 _d2002
_aБ. м.
215 _a59 с.
320 _aБиблиогр. в конце разд. и в подстроч. прим.
461 0 _1001RU\NLR\bibl\376195
_12001#$aФилософия$vЧ. 4
_9393573
_cКрасноярск
_d2002
_fМ-во образования Рос. Федерации, Сиб. гос. технол. ун-т
_nСибГТУ
_oГлоб. пробл. : Курс лекций для студентов всех спец. и аспирантов
_tФилософия
_vЧ. 4
606 0 _aГлобальные проблемы современности
_jРуководства, пособия и т.п. для высшей школы
_xФилософские вопросы
_92073093
_3RU\NLR\auth\661247967
606 0 _aГлобальные проблемы современности
_jУчебные издания для высшей школы
_xФилософские вопросы
_92073093
_3RU\NLR\auth\661247967
610 0 _aГлобальные проблемы современности
610 0 _aФилософия
675 _a1(082)
_v3
_zrus
686 _a02
_2rugasnti
686 _a87
_2rubbk
686 _aС550.0я73
686 _aЮ6я73
801 0 _aRU
_bRKP
_c20030128
_gPSBO
801 1 _aRU
_bRKP
_c20030128
801 2 _aRU
_bNLR
_c20030516
_grcr
942 _cBOOK
980 _aNB